Gila-Gila

Bibliographic Details
Format: Book
Published: Kuala Lumpur : Creative Enterprise Sdn. Bhd. , 2003
Subjects:

MARC

LEADER 00000cam a2200000 7i4500
001 0000039810
005 20231106142847.0
090 0 0 |a C   |b GIL 
245 0 0 |a Gila-Gila 
260 |a Kuala Lumpur :   |b Creative Enterprise Sdn. Bhd. ,   |c 2003 
300 |a p.v. :   |b ill. ;   |c 28cm. 
650 0 0 |a Cartoon & Carricatures   |x Bound volume 
850 |a HQ : BV;17 August-1 October 1999,January 2000-June 2002, July-December 2002, 01January-15 December 2003,January-December 2004, Januari - Ogos 2022 
999 |a 00172952   |b MAJALAH   |c MAJALAH RUJUKAN   |e PERPUSTAKAAN KOMUNITI PETALING JAYA 
999 |a 086857/99   |b BUKU   |c MAJALAH RUJUKAN   |e PERPUSTAKAAN KOMUNITI PETALING JAYA 
999 |a 089420/99   |b DIGITAL VIDEO DISC   |c MAJALAH RUJUKAN   |e PERPUSTAKAAN KOMUNITI PETALING JAYA 
999 |a 098614/98   |b BUKU   |c MAJALAH RUJUKAN   |e PERPUSTAKAAN KOMUNITI PETALING JAYA 
999 |a 098667/98   |b BUKU   |c MAJALAH RUJUKAN   |e PERPUSTAKAAN KOMUNITI PETALING JAYA 
999 |a 105603/00   |b BUKU   |c MAJALAH RUJUKAN   |e PERPUSTAKAAN KOMUNITI PETALING JAYA 
999 |a 111177/00   |b MAJALAH   |c MAJALAH RUJUKAN   |e PERPUSTAKAAN KOMUNITI PETALING JAYA 
999 |a 111183/00   |b MAJALAH   |c MAJALAH RUJUKAN   |e PERPUSTAKAAN KOMUNITI PETALING JAYA 
999 |a 111467/01   |b MAJALAH   |c CARTOON   |e PERPUSTAKAAN KOMUNITI PETALING JAYA 
999 |a 130269/01   |b MAJALAH   |c MAJALAH RUJUKAN   |e PERPUSTAKAAN KOMUNITI PETALING JAYA 
999 |a 145106/02   |b BUKU   |c MAJALAH RUJUKAN   |e PERPUSTAKAAN KOMUNITI PETALING JAYA 
999 |a 145107/02   |b BUKU   |c MAJALAH RUJUKAN   |e PERPUSTAKAAN KOMUNITI PETALING JAYA 
999 |a 154672/02   |b MAJALAH   |c MAJALAH RUJUKAN   |e PERPUSTAKAAN KOMUNITI PETALING JAYA 
999 |a 163755/03   |b MAJALAH   |c MAJALAH RUJUKAN   |e PERPUSTAKAAN KOMUNITI PETALING JAYA 
999 |a 163790/03   |b MAJALAH   |c MAJALAH RUJUKAN   |e PERPUSTAKAAN KOMUNITI PETALING JAYA 
999 |a 180168/04   |b MAJALAH   |c MAJALAH RUJUKAN   |e PERPUSTAKAAN KOMUNITI PETALING JAYA 
999 |a 233875/99   |b MAJALAH   |c MAJALAH RUJUKAN   |e PERPUSTAKAAN KOMUNITI PETALING JAYA 
999 |a 335334/22   |b MAJALAH   |c MAJALAH RUJUKAN   |e PERPUSTAKAAN KOMUNITI PETALING JAYA